Estatísticas para Os 12 meses em 15 segundos

Clique aqui para jogar o quiz

Estatísticas Gerais

  • Esse quiz foi jogado 345 851 vezes
  • A pontuação média é 7 de 12

Estatísticas das Respostas

Mês% Correto
Janeiro
97%
Fevereiro
90%
Março
87%
Abril
85%
Maio
79%
Junho
75%
Julho
64%
Agosto
50%
Setembro
36%
Outubro
23%
Novembro
16%
Dezembro
14%

Distribuição das Pontuações

Percentil de Números Respondidos

Porcentagem de Pessoas com Cada Pontuação

Sua Pontuação Histórica

Você não jogou esse quiz